00490nam a2200157 a 4500008004100000020001500041050001500056100001800071245008800089260003900177300001900216350000900235490003200244650004100276710001500317081014s2001 ||||||||||||||||| || u a0821349368 aIBRD(08)TP aBaietti, Aldo10aPrivate infrastructure in East Asia: lessons learned in the aftermath of the crisis aWashington, D.C.bWorld Bankc2001 avi, 81p.: ill. a0.00 aWorld Bank Technical Papers aINFRASTRUCTURE--ECONOMICS--EAST ASIA aWorld Bank